000 00290nam a22001217a 4500
041 _aENG
100 _aKundra.T.K
245 _aNumerical Control And Computer Aided Manufacturing
260 _aDelhi
_bTata Mcgraw -Hill
_c2003
300 _a188
650 _aM.Tech
856 _uM.Tech -(7)
999 _c1002
_d1002